スプラ3 サブスペ→ブキ名クイズ - Statistics

General Stats
  • This quiz has been taken 5,057 times
    3,350 since last reset
  • The average score is 7 of 15
Answer Stats
サブ スペシャル ブキ % Correct
スプラッシュボム トリプルトルネード スプラシューターコラボ/バケットスロッシャー
83%
カーリングボム ウルトラチャクチ スプラマニューバーコラボ
81%
スプラッシュボム グレートバリア わかばシューター
77%
トーピード ホップソナー もみじシューター
76%
クイックボム カニタンク シャープマーカー
75%
キューバンボム ウルトラショット スプラシューター
73%
ジャンプビーコン エナジースタンド スパッタリー
70%
ジャンプビーコン テイオウイカ スプラローラーコラボ/リッター4Kカスタム/4Kスコープカスタム
70%
カーリングボム ウルトラハンコ ボールドマーカー
69%
スプラッシュシールド メガホンレーザー5.1ch .52ガロン
69%
ラインマーカー カニタンク プライムシューター
68%
スプリンクラー アメフラシ オーバーフロッシャー
67%
スプラッシュボム キューインキ スプラチャージャー/スプラスコープ
66%
トラップ ホップソナー リッター4K/4Kスコープ
66%
カーリングボム グレートバリア スプラローラー
65%
キューバンボム サメライド モップリン
62%
トーピード サメライド スパッタリー・ヒュー
62%
キューバンボム エナジースタンド N-ZAP85/RブラスターエリートWNTR
62%
スプリンクラー ナイスダマ プロモデラーRG
61%
クイックボム ショクワンダー ジムワイパー
60%
ロボットボム ナイスダマ ハイドラント/ジムワイパー封
60%
スプリンクラー エナジースタンド ダイナモローラー/R-PEN/5H
60%
スプラッシュボム ショクワンダー ノヴァブラスター
59%
タンサンボム ウルトラハンコ ノヴァブラスターネオ/ソイチューバーカスタム
57%
タンサンボム ナイスダマ スクリュースロッシャー
57%
トラップ サメライド スパイガジェット
56%
トーピード マルチミサイル ソイチューバー
56%
キューバンボム トリプルトルネード シャープマーカーネオ/H3リールガンSNAK
56%
ロボットボム デコイチラシ N-ZAP89
56%
スプラッシュボム テイオウイカ ロングブラスターカスタム
55%
クイックボム ウルトラショット カーボンローラーデコ
55%
ロボットボム サメライド クアッドホッパーブラック
55%
スプラッシュシールド ナイスダマ ケルビン525
55%
スプラッシュシールド ウルトラショット ボトルガイザー/フィンセントBRNZ
55%
キューバンボム ショクワンダー ホクサイ
54%
トラップ ジェットパック スペースシューターコラボ
54%
カーリングボム エナジースタンド イグザミナー
53%
トラップ マルチミサイル ヴァリアブルローラー
53%
スプラッシュシールド テイオウイカ .96ガロンデコ
53%
クイックボム ウルトラハンコ L3リールガンD/スプラスピナー
53%
クイックボム テイオウイカ スプラシューター煌
52%
ロボットボム ショクワンダー カーボンローラー/スクイックリンβ
52%
ジャンプビーコン メガホンレーザー5.1ch ボールドマーカーネオ
52%
ラインマーカー キューインキ ジェットスイーパー
52%
ラインマーカー ショクワンダー バケットスロッシャーデコ
52%
キューバンボム カニタンク スプラマニューバー
51%
タンサンボム エナジースタンド ヒッセン・ヒュー
51%
ロボットボム グレートバリア ホットブラスター
50%
ポイントセンサー メガホンレーザー5.1ch スペースシューター/ダイナモローラー冥
50%
スプラッシュボム ウルトラショット クラッシュブラスター
49%
クイックボム スミナガシート プロモデラー彩
49%
ポイズンミスト ジェットパック ヒッセン
49%
カーリングボム マルチミサイル LACT-450
49%
キューバンボム ナイスダマ プライムシューターコラボ
48%
クイックボム トリプルトルネード ガエンFFカスタム
48%
スプラッシュシールド ウルトラチャクチ エクスプロッシャーカスタム
47%
トラップ ウルトラショット キャンピングシェルターソレーラ
47%
スプラッシュボム ホップソナー デュアルスイーパー
46%
スプラッシュシールド ジェットパック デンタルワイパースミ
46%
スプリンクラー ショクワンダー クアッドホッパーホワイト
45%
ポイントセンサー ウルトラショット スクリュースロッシャーネオ/ケルビン525デコ
45%
クイックボム ウルトラチャクチ ジェットスイーパーCOBR
45%
スプラッシュボム メガホンレーザー5.1ch パブロ/スパッタリーOWL
45%
スプリンクラー キューインキ .96ガロン
44%
ポイズンミスト アメフラシ ジェットスイーパーカスタム/シャープマーカーGECK
44%
スプラッシュシールド グレートバリア H3リールガンD
44%
タンサンボム サメライド プロモデラーMG
44%
キューバンボム グレートバリア デンタルワイパーミント
43%
ポイズンミスト メガホンレーザー5.1ch トライストリンガー
43%
ラインマーカー テイオウイカ オーバーフロッシャーデコ
43%
キューバンボム ウルトラチャクチ ノーチラス79
43%
クイックボム ナイスダマ S-BLAST91
43%
スプリンクラー ホップソナー バレルスピナー
42%
カーリングボム デコイチラシ クラッシュブラスターネオ
42%
ポイントセンサー グレートバリア スクイックリンα
42%
ポイントセンサー アメフラシ エクスプロッシャー/ノーチラス47
42%
カーリングボム スミナガシート .52ガロンデコ
42%
ラインマーカー エナジースタンド .96ガロン爪
42%
スプラッシュシールド サメライド LACT-450デコ
42%
スプラッシュシールド トリプルトルネード スプラッシュチャージャーコラボ/スプラスコープコラボ
41%
ポイントセンサー ウルトラチャクチ ホットブラスターカスタム
41%
ポイントセンサー テイオウイカ バレルスピナーデコ
41%
ポイズンミスト グレートバリア スプラスピナーコラボ
41%
ポイントセンサー エナジースタンド H3リールガン
41%
トーピード ウルトラチャクチ ワイドローラー惑
40%
スプラッシュボム デコイチラシ ダイナモローラーテスラ
39%
タンサンボム ジェットパック クーゲルシュライバー
39%
トーピード ウルトラハンコ ドライブワイパー
39%
スプリンクラー カニタンク スプラチャージャーFRST/スプラスコープFRST
39%
スプラッシュボム マルチミサイル プライムシューターFRZN
39%
スプリンクラー サメライド S-BLAST92
39%
キューバンボム ホップソナー ロングブラスター
38%
スプリンクラー グレートバリア ハイドラント圧
38%
スプラッシュシールド キューインキ ワイドローラー
38%
キューバンボム スミナガシート ヴァリアブルローラーフォイル
37%
ジャンプビーコン アメフラシ ホクサイ・ヒュー
37%
ラインマーカー アメフラシ ワイドローラーコラボ
37%
トーピード ジェットパック ラピッドブラスターデコ
37%
ラインマーカー メガホンレーザー5.1ch Rブラスターエリートデコ
37%
ジャンプビーコン キューインキ キャンピングシェルター
36%
ジャンプビーコン マルチミサイル ドライブワイパーデコ
36%
トラップ スミナガシート ハイドラントカスタム
36%
タンサンボム デコイチラシ 14式竹筒銃・乙/カーボンローラーANGL
36%
トラップ ウルトラハンコ パブロ・ヒュー
35%
トーピード スミナガシート スパイガジェットソレーラ
35%
カーリングボム カニタンク L3リールガン/モップリン角
35%
ポイズンミスト カニタンク ジムワイパー・ヒュー
34%
カーリングボム ホップソナー フィンセント
33%
ジャンプビーコン デコイチラシ デュアルスイーパーカスタム
33%
ポイントセンサー マルチミサイル フィンセント・ヒュー
32%
ポイズンミスト ウルトラチャクチ 24式張替傘・乙
32%
スプラッシュボム カニタンク イグザミナー・ヒュー
31%
トーピード ナイスダマ LACT-450MILK
31%
ポイズンミスト デコイチラシ キャンピングシェルターCREM
30%
ジャンプビーコン ウルトラショット スプラスピナーPYTN
30%
ラインマーカー グレートバリア 24式張替傘・甲
29%
スプリンクラー トリプルトルネード パラシェルター
28%
カーリングボム ウルトラショット ドライブワイパーRUST
28%
タンサンボム グレートバリア スプラマニューバー耀
27%
トラップ キューインキ クーゲルシュライバー・ヒュー
27%
スプラッシュボム スミナガシート ヒッセンASH
27%
ジャンプビーコン カニタンク ホットブラスター艶
26%
ジャンプビーコン ホップソナー モップリンD
26%
ロボットボム スミナガシート ボトルガイザーフォイル
25%
ロボットボム メガホンレーザー5.1ch 14式竹筒銃・甲
25%
トラップ メガホンレーザー5.1ch ガエンFF
25%
ポイズンミスト キューインキ Rブラスターエリート
25%
ポイントセンサー ホップソナー フルイドVカスタム
25%
ロボットボム ウルトラハンコ フルイドV
24%
スプリンクラー デコイチラシ トライストリンガーコラボ
23%
スプラッシュボム ジェットパック L3リールガン箔
22%
トラップ トリプルトルネード ラピッドブラスター
21%
スプラッシュシールド アメフラシ R-PEN/5B
20%
ロボットボム ジェットパック パラシェルターソレーラ
18%
ポイントセンサー スミナガシート デュアルスイーパー蹄
17%
カーリングボム メガホンレーザー5.1ch スパイガジェット繚
15%
No matching quizzes found
Score Distribution
Percent of People with Each Score
Percentile by Number Answered
Your Score History
You have not taken this quiz since the last reset